Design and Analysis of Experiments (Record no. 167823)

MARC details
000 -LEADER
fixed length control field 00480nam a2200193Ia 4500
008 - FIXED-LENGTH DATA ELEMENTS--GENERAL INFORMATION
fixed length control field 240823s9999||||xx |||||||||||||| ||und||
020 ## - INTERNATIONAL STANDARD BOOK NUMBER
International Standard Book Number 9971-51-329-3
082 ## - DEWEY DECIMAL CLASSIFICATION NUMBER
-- 001.434 P1
100 ## - MAIN ENTRY--PERSONAL NAME
Personal name "Montgomery,Douglas C"
245 #0 - TITLE STATEMENT
Title Design and Analysis of Experiments
250 ## - EDITION STATEMENT
Edition statement 5th
260 ## - PUBLICATION, DISTRIBUTION, ETC. (IMPRINT)
Date of publication, distribution, etc 2001
Name of publisher, distributor, etc "John Wiley ,New"
500 ## - GENERAL NOTE
General note TRANSFERED
650 ## - SUBJECT ADDED ENTRY--TOPICAL TERM
Topical term or geographic name as entry element Designing
942 ## - ADDED ENTRY ELEMENTS (KOHA)
Item type Books
Holdings
Withdrawn status Lost status Damaged status Permanent location Current location Shelving location Date acquired Source of acquisition Cost, normal purchase price Full call number Barcode Date last seen Koha item type
      CENTRAL LIBRARY, NOORUL ISLAM CENTRE FOR HIGHER EDUCATION CENTRAL LIBRARY, NOORUL ISLAM CENTRE FOR HIGHER EDUCATION   08/04/2004 Sudarsan Books 382.00 001.434 P1 22306 08/23/2024 Books
Visitors:
Copyright © 2024 Central Library NICHE.  All rights reserved.